| 000 | 01199nam0a2200277 4500 | ||
|---|---|---|---|
| 001 | RU\NLR\bibl\880114 | ||
| 005 | 20260407083125.0 | ||
| 021 |
_aRU _b2005-66781 _93289 |
||
| 035 | _a(NLR Aleph) 000868687 | ||
| 090 |
_a1585688 _c1585688 |
||
| 100 | _a20051128d2005 |||y0rusy50 ca | ||
| 101 | 0 | _arus | |
| 102 | _aRU | ||
| 105 | _aa ||||||||| | ||
| 200 | 1 |
_aКабели силовые с изоляцией из сшитого полиэтилена на напряжение 1, 10, 20, 35 КВ _e[каталог] _fОАО "Электрокабель" Кольчугинский завод" |
|
| 205 |
_aИзд. 1-е _b[ред. 2005 г.] |
||
| 210 |
_aВладимир _cАркаим _d2005 |
||
| 215 |
_a40 с. _cцв. ил. _d30 |
||
| 606 | 1 |
_aСиловые кабели с полиэтиленовой изоляцией _jКаталоги _92410490 _3RU\NLR\auth\661436249 |
|
| 686 | _aЗ232.323я87 | ||
| 711 | 0 | 2 |
_a"Электрокабель" Кольчугинский завод", открытое акционерное общество _3RU\NLR\AUTH\8810043971 _9587400 |
| 801 | 0 |
_aRU _bNLR _c20051128 _grcr |
|
| 801 | 1 |
_aRU _bNLR _c20051128 |
|
| 942 | _cBOOK | ||
| 980 | _aNB | ||